000 00256nam a22001217a 4500
020 _a0-7214-8189-2
082 _a823
_bDIS/L
100 _aDISNEY, WALT
245 _a LIJO STITCH
260 _aUK
_bLADYBIRD
650 _aENGLISH SHORT STORY
_zUK
942 _cBK
999 _c3761
_d3761